Shooting a Tiger: (Record no. 180583)

MARC details
000 -LEADER
fixed length control field 00656nam a22001937a 4500
005 - DATE AND TIME OF LATEST TRANSACTION
control field 20210812110030.0
010 ## - LCCN (DPL NO)
LC control number ENG-129833
020 ## - INTERNATIONAL STANDARD BOOK NUMBER
Terms of availability 1250.00
International Standard Book Number 978-0-19-948938-1
035 ## - SYSTEM CONTROL NUMBER
System control number EN-113365
037 ## - SOURCE OF ACQUISITION
Source of stock number/acquisition DBAD/PUB
082 ## - DEWEY DECIMAL CLASSIFICATION NUMBER
Classification number 799.20954
100 ## - MAIN ENTRY--PERSONAL NAME
Personal name Mandala, Vijaya Ramadas
245 ## - TITLE STATEMENT
Title Shooting a Tiger:
Remainder of title Big-Game Hunting and Conservation in Colonial India/
Statement of responsibility, etc Vijaya Ramadas Mandala
250 ## - EDITION STATEMENT
Edition statement 2019
260 ## - PUBLICATION, DISTRIBUTION, ETC. (IMPRINT)
Name of publisher, distributor, etc Oxford University press
Date of publication, distribution, etc 2019
Place of publication, distribution, etc New Delhi
270 ## - ADDRESS
Address 2/11 Ground floor,Ansari Road,Daryaganj
City New Delhi
Postal code 110002
300 ## - PHYSICAL DESCRIPTION
Extent 417 p.
Dimensions 22cm (hbk)
Other physical details Bibiliography, Index
942 ## - ADDED ENTRY ELEMENTS (KOHA)
Source of classification or shelving scheme Dewey Decimal Classification
Item type English Books
Classification part 799.20954
Call number prefix MAN
Holdings
Withdrawn status Lost status Not for loan Collection code Home library Current library Date acquired Source of acquisition Cost, normal purchase price Full call number Barcode Copy number Cost, replacement price Koha item type
      Non-fiction Shahdara Branch Shahdara Branch 12/08/2021 DBAD/PUB 1250.00 799.20954 EN-113365 1 1250.00 English Books

© Delhi Public Library
Hit Counter
free hit counter